000 00680nam a22002057a 4500
999 _c19157
_d19157
003 AR-CdUCM
008 190516b ||||| |||| 00| 0 spa d
040 _aMUNICIPALIDAD PROVINCIAL DEL CUSCO
_cBIBLIOTECA MUNICIPAL DEL CUSCO
082 _a869.26 /
_bAN62
100 _aAntonini, M. E.
_935722
245 _aLos caballeros del rey Arturo /
260 _aBuenos Aires :
_bAcme,
_c1956.
300 _a352 páginas ;
_c20 cm.
505 _aContenido : El mago Merlín -- El dragón blanco y el dragón rojo -- El cáliz resplandeciente ...
650 _aLiteratura
_983
650 _aArgentina
_9511
650 _aSiglo XX
_98
942 _2ddc
_cLIBROS
945 _arah
_d2019-05-16